000
00254nam a22001097a 4500
008
160512b xxu||||| |||| 00| 0 eng d
020
_a
9789989866937
041
_a
eng
080
_a
612.39
245
_a
Bujqesia dhe mjedisi:
_c
Ernst Lutz;
942
_2
udc
_c
BK
999
_c
2117
_d
2117